000
00283nam a22001217a 4500
008
181224b xxu||||| |||| 00| 0 eng d
041
_a
eng
080
_2
4th
_a
573
100
_a
11
101
_a
BIO
245
_a
Council of Biology Editors Style Manual
_c
Huth.E.J
942
_2
udc
_c
BK
999
_c
53748
_d
53748